000 00491 a2200169 4500
999 _c5076
_d5076
010 _aENG-86721
020 _c295.00
035 _aEN-70254
037 _bDBAD / PUB
082 1 4 _aS
245 1 _aSlice of life :
_ctranslated by Rana Nayar
_bpunjabi short fiction - 1901-2000 /
260 _aChandigarh
_bUnistar Books
_c2006
270 _aS.C.O. 26-27, Sector 34 A, Chandigarh
_bChandigarh
_e160 022
300 _a204p
_c21cm (Hb)
700 _aNayar, Rana
942 _adpl
_cEN
_2ddc
_hS
_mSLI